| 000 | 00653nam a2200229Ia 4500 | ||
|---|---|---|---|
| 008 | 160803s9999 xx 000 0 und d | ||
| 020 | _a0 439278635 | ||
| 100 | _aGonzales, Lucia M. | ||
| 245 | _aSeñor Cat's romance and other favorite stories from Latin America / | ||
| 245 | _cretold by Lucía M. González ; illustrated by Lulu Delacre. | ||
| 260 | _aNew York : | ||
| 260 | _bScholastic Inc. | ||
| 260 | _c1997 | ||
| 300 | _a1 volume (unpaged) : | ||
| 300 | _bcolor illustrations ; | ||
| 300 | _c26 cm | ||
| 650 | _aLatin Americans -- | ||
| 650 | _aTales -- | ||
| 650 | _xFolklore. | ||
| 650 | _xLatin America. | ||
| 700 | _a540 | ||
| 999 |
_c299117 _d299117 |
||